| 000 | 00389nam a22001457a 4500 | ||
|---|---|---|---|
| 082 |
_a894.812.3 _bNAN/A |
||
| 100 | _aNANDHAKUMAR, R | ||
| 245 | _aATHMAKKALUDE BHAVANAM | ||
| 246 |
_aATHMAKKALUDE BHAVANAM _bATHMAKKALUDE BHAVANAM |
||
| 260 |
_aKOTTAYAM, KERALA, INDIA _bD C BOOKS _c2022 |
||
| 300 | _a550 | ||
| 520 | _aRELATED TO ATTINGAL HISTORY | ||
| 650 | _aMALAYALAM NOVEL | ||
| 942 | _cBK | ||
| 999 |
_c8664 _d8664 |
||